000 01563nam0a2200313 i 4500
001 RU\NLR\BIBL_A\010951572
005 20240921172001.0
010 _a9785392199181
_91000
021 _aRU
_b2015-98544
_96131
035 _a(NILC)RuMoRGB-008100436
035 _a(NLR Aleph) 010951572
090 _a10780554
_c10780554
100 _a20160115d2016 km y0rusy50 ca
101 0 _arus
102 _aRU
105 _ay j 000yy
200 1 _aОбществознание в вопросах и ответах
_e[экономика и экономическая наука, спрос и предложение, типология политических режимов, гражданское общество и государство, социальные конфликты, право в системе социальных норм, естественные и социогуманитарные науки и др.]
_eучебное пособие
_fП. А. Черникин
210 _aМосква
_cПроспект
_d2016
_d[т.е. 2015]
215 _a127, [1] с.
_d21
300 _aКн. фактически изд. в 2015 г.
606 1 _aОбществоведение
_jУчебные издания для высших учебных заведений
_91764031
_3RU\NLR\AUTH\66791493
675 _a316
686 1 _aС.я73
700 1 _aЧерникин
_bП. А.
_gПетр Алексеевич
801 0 _aRU
_bРГБ
_c20151221
_gRCR
942 _cBOOK
980 _aNBR